01859nam a2200277 a 4500008004100000020001500041050001700056100001900073245009600092250001200188260003500200300002000235350000900255490001800264650004100282650006400323995016500387995016400552995016400716995016400880999001701044952013601061952012801197952012801325952012801453090105s2002 ||||||||||||||||| || u a1903300568 aQA 135.5 Pri aMooney, Claire10aPrimary mathematics: teaching theory and practice. -- 2nd ed.cClaire Mooney...[and others] a2nd ed. aExeterbLearning Mattersc2002 a[v], 182p. ill. a0.00 aAchieving QTS 0aMATHEMATICS--HANDBOOKS, MANUALS, ETC 0aMATHEMATICS--STUDY AND TEACHING (ELEMENTARY)--GREAT BRITAIN aMAIN LIBRARY OPEN ACCESSD0.00e739477FCBU-MAIN LIBRARY (Kitwe)H1I0.00jQA 135.5 PRIM2UAVAILABLEWFeb 12, 2009y739477ZMain Library Open Access Collection aANNEX COLLECTION (Main Library)D0.00e739478FCBU-MAIN LIBRARY (Kitwe)H1I0.00jQA 135.5 PRIM3UAVAILABLEWFeb 12, 2009y739478ZAnnex Low-Usage Collection  aANNEX COLLECTION (Main Library)D0.00e739476FCBU-MAIN LIBRARY (Kitwe)H1I0.00jQA 135.5 PRIM1UAVAILABLEWFeb 12, 2009y739476ZAnnex Low-Usage Collection  aANNEX COLLECTION (Main Library)D0.00e739479FCBU-MAIN LIBRARY (Kitwe)H1I0.00jQA 135.5 PRIM4UAVAILABLEWFeb 12, 2009y739479ZAnnex Low-Usage Collection  c77066d77066 00102lcc4070a001b001cMain Library Open Access Collectiond2023-04-25l0oQA 135.5 Prip739477r2023-04-25t1w2023-04-25y002 00102lcc4070a001b001cAnnex Low-Usage Collection d2023-04-25l0oQA 135.5 Prip739478r2023-04-25t2w2023-04-25y002 00102lcc4070a001b001cAnnex Low-Usage Collection d2023-04-25l0oQA 135.5 Prip739476r2023-04-25t3w2023-04-25y002 00102lcc4070a001b001cAnnex Low-Usage Collection d2023-04-25l0oQA 135.5 Prip739479r2023-04-25t4w2023-04-25y002